Straßenbahnlinie 60 (Wien) - Statistiken

Allgemein
  • Dieses Quiz wurde 9 mal gespielt
  • Das Durchschnittsergebnis liegt bei 17 aus 26
Antwortstatistiken
Station % Korrekt
Rodaun
100%
Hietzing
86%
Kaiser-Franz-Josef-Straße
86%
Maurer-Lange-Gasse
86%
Penzinger Straße
86%
Schloss Schönbrunn
86%
Westbahnhof
86%
Anschützgasse
71%
Dommayergasse
71%
Jagdschloßgasse
71%
Mariahilfer Straße, Geibelgasse
71%
Maurer Hauptplatz
71%
Preyergasse
71%
Rustengasse
71%
Speising, Hermesstraße
71%
Staglgasse
71%
Westbahnhof, Gerstnerstraße
71%
Anton-Krieger-Gasse
57%
Gloriettegasse
57%
Sillerplatz
57%
Winkelmannstraße
57%
Franz-Asenbauer-Gasse
43%
Hofwiesengasse
43%
Stadlergasse
43%
Riedelgasse
29%
Rodaunbrücke
29%
Keine übereinstimmenden Quizze gefunden
Verteilung der Resultate
Anzahl Personen mit jedem Resultat
Perzentil nach korrekt beantworteten Fragen
Ihre Resultats-Entwicklung
Sie haben dieses Quiz noch nicht gespielt